000 00501 a2200169 4500
001 132726
003 OSt
005 20220214111426.0
008
082 _a510
_bP19P
245 1 _aA panorama of hungarian mathematics in the twentieth century I
_cedited by Janos Horvath
260 _aBerlin
_bSpringer/JBMS
_c2006
300 _a639p.
690 _aMathematics; Hungary; Distribution (Probability theory)
700 _aHorvath, Janos
_eEditor
942 _2ddc
_cBK
999 _c7078
_d7078